Podaj trzy największe miasta w województwie - Statystyki

Ogólne statystyki
  • Ten quiz został rozwiązany 1 358 razy
  • Średni wynik to 36 z 48
Statystyki odpowiedzi
Województwo Liczba ludności Miasto % Poprawnych
Pomorskie 468 158 Gdansk
99%
246 244 Gdynia
98%
Zachodniopomorskie 402 067 Szczecin
98%
Małopolskie 761 873 Kraków
97%
Mazowieckie 1 729 119 Warszawa
97%
Łódzkie 685 285 Łódź
96%
Lubelskie 339 682 Lublin
96%
Wielkopolskie 539 549 Poznań
96%
Dolnośląskie 641 607 Wrocław
96%
Podlaskie 296 310 Białystok
95%
Śląskie 303,314 Katowice
95%
Opolskie 128 142 Opole
94%
Kujawsko - pomorskie 350 178 Bydgoszcz
93%
202 074 Toruń
93%
Świętokrzyskie 195.774 Kielce
92%
Podkarpackie 189.662 Rzeszów
92%
Warmińsko - mazurskie 172 970 Olsztyn
91%
Lubuskie 140 874 Zielona Góra
91%
123 691 Gorzów Wielkopolski
89%
217 834 Radom
87%
231,527 Czestochowa
80%
121 046 Elbląg
79%
69 543 Suwałki
79%
107 225 Koszalin
78%
210,249 Sosnowiec
74%
122 572 Płock
72%
101 902 Kalisz
70%
111 376 Tarnów
69%
99 486 Legnica
68%
73 670 Piotrków Trybunalski
68%
61 237 Ełk
67%
63 813 Zamość
67%
83 853 Nowy Sącz
65%
112 594 Wałbrzych
65%
84 320 Włocławek
65%
61.808 Przemyśl
64%
90 769 Slupsk
64%
75 077 Konin
62%
62 716 Łomża
59%
62 670 Chełm
58%
67 795 Stargard
54%
61 949 Kędzierzyn - Kożle
51%
69.051 Ostrowiec Świetokrzyski
46%
44 345 Nysa
44%
61.903 Stalowa Wola
42%
65 283 Pabianice
40%
48.965 Starachowice
34%
38 763 Nowa Sól
30%
Nie znaleziono quizów pasujących do podanych kryteriów
Rozkład punktacji
Procent ludzi z każdym wynikiem
Percentyl według liczby udzielonych odpowiedzi
Twoja historia wyników
Nie rozwiązałeś tego quizu